Uncertainty analysis in a mechanistic model of bacterial regrowth in distribution systems /

Đã lưu trong:
書目詳細資料
主要作者: DiGiano, Francis A.
其他作者: Zhang, Weidong.
格式: Bài viết
語言:English
主題:
標簽: 添加標簽
沒有標簽, 成為第一個標記此記錄!
Thư viện lưu trữ: Thư viện Trường Đại học Đà Lạt
LEADER 00994nam a2200325 4500
001 DLU090095101
005 ##20091201
040 # # |a DLU  |b eng 
041 # # |a eng 
044 # # |a us 
100 # # |a DiGiano, Francis A. 
245 # # |a Uncertainty analysis in a mechanistic model of bacterial regrowth in distribution systems /  |c Francis A. DiGiano, Weidong Zhang. 
653 # # |a Bacteria 
653 # # |a Biofilms 
653 # # |a Disinfection 
653 # # |a Microorganism growth 
653 # # |a Monte Carlo method 
653 # # |a Numerical simulation 
653 # # |a Sensitivity analysis 
700 # # |a Zhang, Weidong. 
773 # # |t Environmental Science & Technology  |g Vol. 38, no. 22 (November 2004), p. 5925-5931 
920 # # |a Phòng Tạp chí -- Trung tâm Thông tin - Thư viện Trường Đại học Đà Lạt 
994 # # |a DLU 
900 # # |a True 
911 # # |a Trương Bảo Trâm Anh 
925 # # |a G 
926 # # |a A 
927 # # |a BB 
980 # # |a Thư viện Trường Đại học Đà Lạt